Все моря мира - Statistics

General Stats
  • This quiz has been taken 338 times
  • The average score is 15 of 77
Answer Stats
Номер Океан Море % Correct
14 Атлантический Черное
91%
4 Индийский Красное
86%
13 Атлантический Средиземное
74%
3 Северный Ледовитый Белое
72%
30 Тихий Японское
70%
8 Тихий Желтое
66%
2 Атлантический Балтийское
60%
1 Атлантический Азовское
59%
12 Атлантический Северное
57%
1 Северный Ледовитый Баренцево
56%
10 Северный Ледовитый Лаптевых
50%
6 Атлантический Карибское
49%
15 Тихий Охотское
49%
9 Северный Ледовитый Карское
39%
4 Тихий Берингово
38%
28 Тихий Южно-Китайское
38%
2 Индийский Аравийское
34%
12 Северный Ледовитый Норвежское
31%
11 Атлантический Саргассово
30%
13 Северный Ледовитый Чукотское
27%
10 Атлантический Мраморное
26%
6 Северный Ледовитый Восточно-Сибирское
24%
7 Тихий Восточно-Китайское
22%
10 Тихий Коралловое
22%
25 Тихий Филиппинское
21%
7 Северный Ледовитый Гренландское
19%
4 Атлантический Ирландское
15%
23 Тихий Тасманово
14%
29 Тихий Яванское
14%
1 Индийский Андаманское
11%
4 Северный Ледовитый Бофорта
11%
9 Атлантический Лабрадор
11%
24 Тихий Фиджи
11%
6 Индийский Тиморское
10%
2 Северный Ледовитый Баффина
10%
3 Тихий Банда
10%
3 Индийский Арафурское
9%
1 Южный Амундсена
9%
6 Южный Космонавтов
9%
7 Южный Лазарева
8%
10 Южный Росса
8%
2 Тихий Бали
8%
21 Тихий Сулавеси
8%
11 Южный Скоша
7%
12 Южный Содружества
7%
14 Южный Уэделла
7%
22 Тихий Сулу
6%
11 Северный Ледовитый Линкольна
5%
3 Южный Дейвиса
5%
4 Южный Дюрвиля
5%
13 Южный Сомова
5%
20 Тихий Соломоново
5%
2 Южный Белинсгаузена
4%
8 Южный Моусона
4%
9 Южный Рисер-Ларсена
4%
7 Атлантический Кельтское
4%
14 Тихий Молуккское
4%
16 Тихий Саву
4%
5 Индийский Лаккадивское
3%
11 Тихий Коро
3%
12 Тихий Новогвинейское
3%
18 Тихий Серам
3%
3 Атлантический Гебридское
2%
1 Тихий Аки
2%
5 Тихий Висаян
2%
13 Тихий Минданао
2%
26 Тихий Флорес
2%
27 Тихий Хальмахера
2%
5 Северный Ледовитый Ванделя
1%
8 Северный Ледовитый Густава-Адольфа
1%
8 Атлантический Ирмингера
1%
6 Тихий Внутреннее Японское
1%
9 Тихий Камотес
1%
19 Тихий Сибуян
1%
5 Атлантический Ируазское
0%
17 Тихий Санар
0%
5 Южный Короля Хокона VII
0%
No matching quizzes found
Score Distribution
Percent of People with Each Score
Percentile by Number Answered
Your Score History
You have not taken this quiz